<?xml version="1.0" encoding="UTF-8"?>
<collection xmlns="http://www.loc.gov/MARC21/slim">
 <record>
  <leader>01119nam a22001691  4500</leader>
  <controlfield tag="001">1/14058</controlfield>
  <controlfield tag="008">990113s1995    gr a     b    00010 gre d</controlfield>
  <datafield tag="035" ind1=" " ind2=" ">
   <subfield code="l">14521</subfield>
  </datafield>
  <datafield tag="040" ind1=" " ind2=" ">
   <subfield code="a">GR-PeUP</subfield>
  </datafield>
  <datafield tag="082" ind1="0" ind2="0">
   <subfield code="a">370 ΙΣ</subfield>
  </datafield>
  <datafield tag="245" ind1="1" ind2="0">
   <subfield code="a">Ισότητα ευκαιριών στην εκπαιδευση:</subfield>
   <subfield code="b">εκπαίδευση και φύλο, ειδική βιβλιογραφία/</subfield>
   <subfield code="c">Αριστοτέλειο Πανεπιστήμιο Θεσσαλονίκης. Κέντρο Ερευναςκαι Τεκμηρίωσης για την Εκπαίδευση και το Φυλο.</subfield>
  </datafield>
  <datafield tag="260" ind1=" " ind2=" ">
   <subfield code="a">Θεσσαλονίκη:</subfield>
   <subfield code="b">Από το Εθνικό Τυπογραφείο,</subfield>
   <subfield code="c">1995.</subfield>
  </datafield>
  <datafield tag="300" ind1=" " ind2=" ">
   <subfield code="a">178 σ.;</subfield>
   <subfield code="c">24εκ.</subfield>
  </datafield>
  <datafield tag="650" ind1=" " ind2="4">
   <subfield code="a">Εκπαίδευση και φύλο.</subfield>
  </datafield>
  <datafield tag="650" ind1=" " ind2="4">
   <subfield code="a">Εκπαίδευση</subfield>
   <subfield code="x">Βιβλιογραφία.</subfield>
  </datafield>
  <datafield tag="700" ind1="1" ind2=" ">
   <subfield code="a">Αριστοτέλειο Πανεπιστήμιο Θεσσαλονίκης.</subfield>
   <subfield code="b">Κέντρο Ερευνας και Τεκμηρίωσης για την Εκπαίδευση και το φύλο.</subfield>
  </datafield>
  <datafield tag="852" ind1=" " ind2=" ">
   <subfield code="a">INST</subfield>
   <subfield code="b">UNIPILB</subfield>
   <subfield code="c">MAIN</subfield>
   <subfield code="e">20040709</subfield>
   <subfield code="h">370 ΙΣ</subfield>
   <subfield code="p">00130056</subfield>
   <subfield code="q">00130056</subfield>
   <subfield code="t">LOAN</subfield>
   <subfield code="y">0</subfield>
   <subfield code="4">1</subfield>
  </datafield>
 </record>
</collection>
